Hélicoptères de l'Armée française. - Statistiques

Statistiques générales
  • Ce quiz a été pris 1 353 fois
  • Le résultat moyen est 7 sur 12
Statistiques - réponses
Par images Réponse % Correct
EC-665 Tigre
95%
SA.342 Gazelle
88%
SA.330 Puma
84%
H225M Caracal
73%
TTH90 Caïman
73%
SA365 F Dauphin
67%
AS.532 Cougar
60%
SA316 Alouette III
59%
AS.555 Fennec
54%
AS565 SA Panther
37%
Lynx HAS.2
31%
EC-120 Calliopé
18%
Aucun quiz correspondant
Distribution des résultats
% des personnes avec chaque résultat
Percentile par nombre de réponses
Votre historique - résultats
Vous n’avez pas pris ce quiz